000 00750nam a22002297a 4500
003 OSt
005 20221103151732.0
008 150522b xxu||||| |||| 00| 0 eng d
020 _a84-7506-642-9
040 _cBiblioteca Lado V
082 _a708
_bA622c
100 _9292
_aAnsorena, Maria Asuncion
_edirectora
130 _aLa Biennale di Venezia
_leng
245 _aCasadeAmerica 2003/
_bAnuario de artes plásticas/
260 _bEspaña
_c2004
_aCOYDES
300 _a187p.
_c17x23cm
650 _2Tesauro de Arte & Arquitectura
_aARTES PLASTICAS
650 _2Tesauro de Arte & Arquitectura
_aANUARIO
650 _2Tesauro de Arte & Arquitectura
_aARTE
710 _aJoan Duran
_92735
942 _2ddc
_c1
_h708
_iA622c
_n0
999 _c2476
_d2476